logo

Bir Sreshtho Munshi Abdur Rouf Library
Jhenaidah Cadet College

Winning / (Record no. 1802)

MARC details
000 -LEADER
fixed length control field 00797cam a2200301 a 4500
001 - CONTROL NUMBER
JCCL Control Number 1802
003 - CONTROL NUMBER IDENTIFIER
JCCL marc code BD-JhCC
005 - DATE AND TIME OF LATEST TRANSACTION
control field 20171024174902.0
008 - FIXED-LENGTH DATA ELEMENTS--GENERAL INFORMATION
fixed length control field 050204s2005 nyu a 001 0 eng
020 ## - INTERNATIONAL STANDARD BOOK NUMBER
International Standard Book Number 0060753943 (hardcover)
035 ## - SYSTEM CONTROL NUMBER
system control number (BD-JhCC)1802
040 ## - CATALOGING SOURCE
Original cataloging agency DLC
Transcribing agency DLC
Modifying agency DLC
041 ## - LANGUAGE CODE
Language code of Book eng
050 00 - LIBRARY OF CONGRESS CALL NUMBER
Classification number HF5386
Item number .W384 2005
082 00 - DEWEY DECIMAL CLASSIFICATION NUMBER
Classification number 658.4/09
DDC Edition number 22
Author mark and Year WEL 2005
100 1# - MAIN ENTRY--PERSONAL NAME
Personal name Welch, Jack,
Dates associated with a name 1935-
245 10 - TITLE STATEMENT
Title Winning /
Statement of responsibility, etc Jack Welch with Suzy Welch.
250 ## - EDITION STATEMENT
Edition statement 1st ed.
260 ## - PUBLICATION, DISTRIBUTION, ETC. (IMPRINT)
Place of publication, distribution, etc New York :
Name of publisher, distributor, etc HarperBusiness Publishers,
Date of publication, distribution, etc c2005.
300 ## - PHYSICAL DESCRIPTION
Pagination 372 p. ;
Dimensions 24 cm.
500 ## - GENERAL NOTE
General note Includes index.
650 #0 - SUBJECT ADDED ENTRY--TOPICAL TERM
Topical term or geographic name as entry element Success in business.
650 #0 - SUBJECT ADDED ENTRY--TOPICAL TERM
Topical term or geographic name as entry element Strategic planning.
650 #0 - SUBJECT ADDED ENTRY--TOPICAL TERM
Topical term or geographic name as entry element Negotiation in business.
700 1# - ADDED ENTRY--PERSONAL NAME
Personal name Welch, Suzy.
942 ## - ADDED ENTRY ELEMENTS (KOHA)
Source of classification or shelving scheme Dewey Decimal Classification
Koha item type Books
Holdings
Source of classification or shelving scheme Damaged status Not for loan Home library Current library Shelving location Date of accession Total Checkouts Full call number Barcode Date last seen Copy number Koha item type
Dewey Decimal Classification     JCC Rouf Library JCC Rouf Library General Stacks 10/24/2017   658.4/09 WEL 2005 3077 10/24/2017 C-1 Books

JCC Library | Contacts | JCC Home

Last Update on 23 September 2017
Copyright @ 2017-2020 JCC Rouf Library
Rouf Library, Jhenidah Cadet College (JCC), Bangladesh